Comparison between butyl rubber and NR medicinal bottle closures (Record no. 55981)

MARC details
000 -LEADER
fixed length control field 00472nam a2200181Ia 4500
100 ## - MAIN ENTRY--AUTHOR NAME
Personal name Cheng J
245 #0 - TITLE STATEMENT
Title Comparison between butyl rubber and NR medicinal bottle closures
260 ## - PUBLICATION, DISTRIBUTION, ETC. (IMPRINT)
Name of publisher China Rubber Ind
Year of publication 1996
300 ## - PHYSICAL DESCRIPTION
Number of Pages 38-39
500 ## - GENERAL NOTE
General note Source Year: 1996
650 ## - SUBJECT ADDED ENTRY--TOPICAL TERM
Topical Term Butyl rubber
650 ## - SUBJECT ADDED ENTRY--TOPICAL TERM
Topical Term Medicinal bottle closures
650 ## - SUBJECT ADDED ENTRY--TOPICAL TERM
Topical Term Natural rubber
700 ## - ADDED ENTRY--PERSONAL NAME
Personal name Li J
856 ## - ELECTRONIC LOCATION AND ACCESS
Uniform Resource Identifier IRRDB
942 ## - ADDED ENTRY ELEMENTS (KOHA)
Koha item type Journals
Holdings
Withdrawn status Lost status Damaged status Not for loan Home library Current library Shelving location Date acquired Serial Enumeration / chronology Koha item type
      Journals RRII Library RRII Library Rubber chemistry 17/12/2021 Volume 43, Issue 1 Journals